Indian political thoughts and system (Record no. 4492)

MARC details
000 -LEADER
fixed length control field 00461nam a2200169Ia 4500
008 - FIXED-LENGTH DATA ELEMENTS--GENERAL INFORMATION
fixed length control field 230917s9999||||xx |||||||||||||| ||und||
020 ## - ISBN
Price RS 1350.00
040 ## - CATALOGING SOURCE
-- 5007389
Original cataloging agency VIVEKANANDA LIBRARY
041 ## - Language
-- English
082 ## - DDC NUMBER
Classification number 320.50954 S64I
100 ## - MAIN ENTRY--PERSONAL NAME
Personal name Singh, Shyam Prakash
245 #0 - TITLE STATEMENT
Title Indian political thoughts and system
260 ## - PUBLICATION, DISTRIBUTION, ETC. (IMPRINT)
Place of publication, distribution, etc Jaipur
Name of publisher, distributor, etc RBSA Publishers
Date of publication, distribution, etc 2018
300 ## - PHYSICAL DESCRIPTION
Pages 296 p.
500 ## - GENERAL NOTE
General note 4367 14/01/2022 IF22/1060 15/01/2022 Main Budget
942 ## - ADDED ENTRY ELEMENTS (KOHA)
Koha item type Books
Holdings
Withdrawn status Lost status Damaged status Not for loan Location (home branch) Sublocation or collection (holding branch) Date acquired Koha issues (times borrowed) Koha full call number Accession No. Koha date last seen Koha item type
        VIVEKANANDA LIBRARY VIVEKANANDA LIBRARY 19/03/2022   320.50954 S64I 394431 17/09/2023 Books
© Designed and Maintained by Vivekananda Library, MDU Rohtak